Tự học Sketchup bằng hình ảnh /

Saved in:
Bibliographic Details
Main Author: Không rõ
Format: Book
Language:Vietnamese
Published: ĐHQG.HCM 2010
Tags: Add Tag
No Tags, Be the first to tag this record!
Institutions: Mạng thư viện Đại học Đà Nẵng
LEADER 00662nam a2200265 4500
001 000028400
003 TƯSKET
005 20150403120000.0
008 150403s vm 000 vie
020 |c 0,0000 
040 |a notts 
100 |a Không rõ 
245 |a Tự học Sketchup bằng hình ảnh /  |c biên soạnĐỗ Lê Thuận, Quang Hiển, Tường Thụy. 
260 |b ĐHQG.HCM  |c 2010 
OWN |a LTT 
999 |a From the UDN01 
TYP |a Monograph 
TYP |a Printed language 
980 |a Mạng thư viện Đại học Đà Nẵng